| 000 | 00447nam a2200169Ia 4500 | ||
|---|---|---|---|
| 008 | 180921t2000 xxu||||| |||| 00| 0 eng d | ||
| 041 | _aeng | ||
| 080 |
_a549.091 _bOME |
||
| 100 | _aKlinger-Omenka,Ursula. | ||
| 245 | _aReiki with Gemstones | ||
| 260 |
_bMotilal Banarsidass Publishers Pvt Ltd _aDelhi _c2000 |
||
| 300 | _aill,122p., 21 cm | ||
| 650 | _aGem-Stones | ||
| 942 | _cBK | ||
| 999 |
_c14799 _d14799 |
||
| 003 | LK-CoDNM | ||
| 040 |
_aLK-CoDNM _dLK-CoDNM _eLK-CoDNM |
||